Unwort des Jahres in Deutschland (1991-2024, mit Hinweis) - Statistiken

Allgemein
  • Dieses Quiz wurde 4 mal gespielt
  • Das Durchschnittsergebnis liegt bei 2 aus 34
Antwortstatistiken
Jahr Hinweis Unwort des Jahres % Korrekt
2023 Rechtsextremer Begriff für Abschiebungen Remigration
100%
2011 Der Ausdruck stehe prototypisch dafür, dass die politische Dimension der Mordserie jahrelang verkannt oder willentlich ignoriert wurde. Durch die Reduktion auf ein Imbissgericht würden die Opfer der Morde in höchstem Maße diskriminiert und ganze Bevölkerungsschichten aufgrund ihrer Herkunft ausgegrenzt Döner-Morde
25%
2015 Beschimpfung, gegen die, die sich ehrenamtlich in der Flüchtlingshilfe engagieren oder die sich gegen Angriffe auf Flüchtlingsheime stellen Gutmensch
25%
2007 Abwertende Bezeichnung für Geld, das Eltern erhalten sollen, die ihre Kinder zuhause selbst auf- und erziehen und nicht in einer Kindertagesstätte betreuen lassen wollen – als negativer Gegensatz zur Berufstätigkeit statt alleiniger Kindererziehung Herdprämie
25%
2017 Versuch, Falschbehauptungen als legitimes Mittel der öffentlichen Auseinandersetzung salonfähig zu machen Alternative Fakten
0%
2010 _ Alternativlos
0%
2018 Alexander Dobrindt Anti-Abschiebe-Industrie
0%
1991 Fremdenfeindliche Parole in Hoyerswerda Ausländer­frei
0%
2009 _ Betriebsrats­verseucht
0%
2024 Wort, dass im öffentlichen und gesellschaftlichen Sprachgebrauch und insbesondere in den Sozialen Medien verstärkt verwendet worden, um Menschen vor dem Hintergrund vermeintlich biologischer Abstammungskriterien einzuteilen, zu bewerten und zu diskriminieren Biodeutsch
0%
1995 Beschönigung der Diätenerhöhung im Bundestag Diäten­anpassung
0%
2005 Gewinne aus Produktionsleistungen eines Unternehmens, nachdem zuvor zahlreiche für überflüssig befundene Mitarbeiter entlassen wurden Entlassungs­produktivität
0%
1992 Propagandaformel im Jugoslawienkrieg Ethnische Säuberung
0%
2006 Bezieht sich darauf, dass viele abgelehnte Asylbewerber vor einer drohenden Abschiebung „freiwillig“ in ihre Heimat zurückkehren. Tatsächlich hätten sie aber keine andere Wahl Freiwillige Ausreise
0%
2001 Selbst- und Fremdbezeichnung der Taliban und al-Qaida-Terroristen Gotteskrieger
0%
2004 Degradiert nicht nur Arbeitskräfte in Betrieben, sondern Menschen überhaupt zu nur noch ökonomisch interessanten Grössen Humankapital
0%
2002 Reduzierung von Individuen auf sprachliches Börsenniveau Ich-AG
0%
2019 Begriff, der Klimaschutzbemühungen und die Klimaschutzbewegung diffamiert und wichtige Debatten zum Klimaschutz diskreditiert Klimahysterie
0%
2022 Politisches Schlagwort, um den zivilen Ungehorsam von Klimaaktivisten zu kritisieren Klimaterroristen
0%
1999 Verharmlosung der Tötung Unschuldiger als Nebensächlichkeit; NATO-offizieller Terminus im Kosovokrieg Kollateral­schaden
0%
2014 Die Tatsache, dass die sprachgeschichtliche Aufladung des Ausdrucks (Erster Weltkrieg, Nationalsozialismus) einem Großteil derjenigen, die ihn als „besorgte Bürger“ skandieren und auf Transparenten tragen, nicht bewusst sein dürfte, macht ihn zu einem besonders perfiden Mittel derjenigen, die ihn gezielt einsetzen, oft von Pegida verwendet Lügenpresse
0%
2000 Zynisch heroisierende Umschreibung einer Region, die von Rechtsextremisten terrorisiert wird, damit sie „ausländerfrei“ wird National befreite Zone
0%
2008 Der Begriff stelle das Verhältnis von Ursachen und Folgen der Weltwirtschaftskrise auf den Kopf. Während die Volkswirtschaften in ärgste Bedrängnis geraten seien und die Steuerzahler Milliardenkredite mittragen müssten, würden die Banken, durch deren Finanzpolitik die Krise verursacht worden sei, zu Opfern stilisiert Notleidende Banken
0%
2012 Die Wortschöpfung selbst von Jörg Kachelmanns Frau. Die Jury kritisierte den Begriff dafür, dass er Frauen „pauschal und in inakzeptabler Weise“ unter den Verdacht stelle, sexuelle Gewalt zu erfinden und damit selbst Täter zu sein Opfer-Abo
0%
1994 Abschätziger Bankerjargon; Hilmar Kopper Peanuts
0%
2021 Abschiebung Pushback
0%
1996 Falsches, angstauslösendes Naturbild für sozialpolitischen Sachverhalt Rentner­schwemme
0%
2020 Zynischer Begriff für einen neuen Mechanismus der Migrationspolitik der EU-Kommission.Begriff von Rechtsextremen für Massnahmen der Regierung während Corona Rückführungspatenschaften,Corona-Diktatur
0%
2013 Mit dem Schlagwort „wurde von einigen Politikern und Medien gezielt Stimmung gegen unerwünschte Zuwanderer, insbesondere aus Osteuropa, gemacht Sozial­tourismus
0%
1998 Auf die Jury zynisch wirkende Ironisierung; Karsten Vilmar Sozial­verträgliches Frühableben
0%
2003 Grundsätzlich inakzeptabler Kollektivschuldvorwurf; als möglicher Vorwurf gegen Juden von Martin Hohmann gebraucht Tätervolk
0%
1993 Scheinargument gegen Zuzug von Ausländern Über­fremdung
0%
2016 _ Volks­verräter
0%
1997 Umschreibung arbeitsunwilliger wie arbeitsunfähiger Menschen; Helmut Maucher, Nestlé. Wohlstands­müll
0%
Keine übereinstimmenden Quizze gefunden
Verteilung der Resultate
Anzahl Personen mit jedem Resultat
Perzentil nach korrekt beantworteten Fragen
Ihre Resultats-Entwicklung
Sie haben dieses Quiz noch nicht gespielt